000 01123cab a2200217 4500
001 ABS39369
008 090401t1988 xxu||||| |||| 00| 0 eng d
035 _a(Sirsi) u16191
041 _aeng
100 _aBate, R.
245 _aStop this blatant abuse of green belt restraint
260 _c1988
350 _a0
490 _aDistrict Council Review
_vMay 1988, 4-5(2)
520 _aDemonstrates how the planning system is exploited by would-be farmers who seek planning permission in green belt areas for an agricultural worker`s dwelling, which is claimed to be essential to a viable, economic farming operation. The CPRE has discovered a number of cases where agricultural initiatives have not matched up to the assurances that accompanied the original planning applications and where farm workers` dwellings turned out as luxurious bungalows. Illustrates with examples. Suggests measures which should be taken to halt this flouting of planning regulations.
650 _aAGRICULTURAL OCCUPANCY
650 _aOCCUPANCY CONDITIONS
690 _aPLANNING LAW AND PRACTICE
942 _n0
948 _c04/03/1997
999 _c10640
_d10640